| 000 | 01613nam0a22003011 4500 | ||
|---|---|---|---|
| 001 | rc\3273239 | ||
| 005 | 20130115144307.8 | ||
| 021 |
_aRU _b[72-97406] |
||
| 035 | _a(NLR Aleph) 007488921 | ||
| 090 |
_a7596289 _c7596289 |
||
| 100 | _a20130115d1972 |||y0rusy50 ca | ||
| 101 | 0 | _arus | |
| 102 | _aRU | ||
| 105 | _ay z ||||| | ||
| 200 | 1 |
_aОбщественные органы научно-технической информации на предприятиях Украинской ССР _e(Опыт работы) _fГос. план. ком. Совета Министров УССР. Укр. науч.-исслед. ин-т науч.-техн. информации и техн.-экон. исследований "Информкомплекс-72" |
|
| 210 |
_aКиев _cБ. и. _d1972 |
||
| 215 |
_a42 с. _d22 |
||
| 225 | 1 |
_aОбзорная информация _hСерия 24 _iОпыт работы служб технической информации и патентных подразделений |
|
| 300 | _aПеред загл. авт.: Н.С. Залогин, Г.Г. Шавлович, В.И. Антонова | ||
| 606 |
_aБюро технической информации, общественные _yУкраинская ССР _2psbo |
||
| 700 | 1 |
_aЗалогин _bН. С. _gНиколай Савельевич |
|
| 701 | 1 |
_aШавлович _bГ. Г. _gГалина Григорьевна |
|
| 701 | 1 |
_aАнтонова _bВ. И. _gВалентина Ивановна |
|
| 801 | 0 |
_aRU _bNLR _gpsbo |
|
| 801 | 1 |
_aRU _bELAR _2rusmarc |
|
| 852 |
_aNLR _j72-6/10757 |
||
| 942 | _cBOOK | ||
| 980 | _aNB | ||